Ligne V du Transilien - Statistiques

Statistiques générales
  • Ce quiz a été pris 211 fois
  • Le résultat moyen est 6 sur 7
Statistiques - réponses
n gares correspondances % Correct
1 Massy - Palaiseau RER B CT 12
99%
7 Versailles-Chantiers RER CTransilien N U
95%
5 Jouy-en-Josas
83%
2 Igny
82%
6 Petit Jouy - Les Loges
77%
4 Vauboyen
75%
3 Bièvres
74%
Aucun quiz correspondant
Distribution des résultats
% des personnes avec chaque résultat
Percentile par nombre de réponses
Votre historique - résultats
Vous n’avez pas pris ce quiz